00758nam a22002417a 45000010005000000030006000050050017000110080041000280200015000690400029000840500014001130820011001271000028001382450055001662500044002212600037002653000060003025050008003625200078003705210020004485210020004686500028004883525FISKH20250815122500.0240315b cb ||||| |||| 00| 0 eng d a0439179777 aFISKHbengcFISKHdFISKH aPZ7.B2848 a567.91 aBarton, Byron eauthor  aBones, Bones , Dinosaurs Bones / cby Byron Barton aFirst Scholastic printing , April 2000  aNew York : bScholastic , c1990 a30 unnumbered pages : bcolor illustrations ;c23 cm .  aE  aA cast of characters looks for, finds, and assembles some dinosaur bones.8 a290 bLexile 8 aE bRaz-Plus  adinosaursvNon-fiction